LEADER 03821oam 2200697I 450 001 9910779203203321 005 20230803020111.0 010 $a1-136-29911-4 010 $a1-280-77630-7 010 $a9786613686695 010 $a1-136-29912-2 010 $a0-203-11645-3 024 7 $a10.4324/9780203116456 035 $a(CKB)2550000000106881 035 $a(EBL)981726 035 $a(OCoLC)796932318 035 $a(SSID)ssj0000695448 035 $a(PQKBManifestationID)11403164 035 $a(PQKBTitleCode)TC0000695448 035 $a(PQKBWorkID)10676220 035 $a(PQKB)11569722 035 $a(MiAaPQ)EBC981726 035 $a(Au-PeEL)EBL981726 035 $a(CaPaEBR)ebr10572182 035 $a(CaONFJC)MIL368669 035 $a(OCoLC)797946113 035 $a(OCoLC)1193336084 035 $a(FINmELB)ELB135452 035 $a(EXLCZ)992550000000106881 100 $a20180706d2013 uy 0 101 0 $aeng 135 $aur|n|---||||| 181 $ctxt 182 $cc 183 $acr 200 00$aE-waste management $efrom waste to resource /$fedited by Klaus Hieronymi, Ramzy Kahhat and Eric Williams 210 1$aAbingdon, Oxon :$cRoutledge,$d2013. 215 $a1 online resource (289 p.) 300 $aDescription based upon print version of record. 311 $a1-84971-402-9 320 $aIncludes bibliographical references and index. 327 $aCover; Title; Copyright; CONTENTS; List of Illustrations; Contributors; Acknowledgements; Introduction; 1 Electronic Waste: Environment and Society; 2 Current and New Electronic Waste Recycling Technologies; 3 Recycling of Technology Metals: A Holistic System Approach; 4 A Tale of Three Metals; 5 Closing the Plastic Loop: Turning the Supply Chain into a Supply Cycle by Mining Plastics from End-of-Life Electronics and other Durable Goods; 6 Evaluating the Performance of Recycling Systems: Examples from North American and European Electronics Recycling Systems 327 $a7 Current International Flows of Electronic Waste, Future Tasks, and Possible Solutions8 Controlling Trade in Electronic Waste: An Analysis of International Agreements and National Trade Policies in Asia; 9 Future Development of Product Streams and the Necessary Adaptation of Waste Management and the Legislation Ruling it; 10 Reuse: A Bridge from Unsustainable E-Waste to Sustainable E-Resources; 11 Electronics Industry Competes for Raw Materials: Will the Scarcity of Natural Resources Become a Showstopper for the Information and Communications Industry? 327 $a12 Future Perspectives on Electronic ScrapIndex 330 $aThe landscape of electronic waste, e-waste, management is changing dramatically. Besides a rapidly increasing world population, globalization is driving the demand for products, resulting in rising prices for many materials. Absolute scarcity looms for some special resources such as indium. Used electronic products and recyclable materials are increasingly crisscrossing the globe. This is creating both - opportunities and challenges for e-waste management. This focuses on the current and future trends, technologies and regulations for reusable and recyclable e-waste worldwide. 606 $aElectronic waste$xManagement 606 $aElectronic apparatus and appliances$xEnvironmental aspects 615 0$aElectronic waste$xManagement. 615 0$aElectronic apparatus and appliances$xEnvironmental aspects. 676 $a363.7288 676 $a621.38150286 701 $aHieronymi$b Klaus$01090012 701 $aKahhat$b Ramzy$01545936 701 $aWilliams$b Eric$f1986-$01545937 801 0$bMiAaPQ 801 1$bMiAaPQ 801 2$bMiAaPQ 906 $aBOOK 912 $a9910779203203321 996 $aE-waste management$93801183 997 $aUNINA LEADER 01765nam2 2200397 i 450 001 IEI0119080 005 20251003044159.0 010 $a8815057242 020 $aIT$b98-12737 100 $a19980206d1997 ||||0itac50 ba 101 | $aita 102 $ait 181 1$6z01$ai $bxxxe 182 1$6z01$an 200 1 $aˆ1: Le ‰vie dell'industrializzazione europea$esistemi a confronto$fa cura di Giovanni Luigi Fontana 210 $aBologna$cIl mulino$d[1997] 215 $a1265 p.$cill.$d22 cm 225 | $aTemi e discussioni 300 $aTrad. di Alessandra Lobba, Lore Strecker Sarpellon, Maria Eloisa Velardi, rev. di Carlo Bardini, Salvatore Ciriacono, G. L. Fontana. 410 0$1001CFI0006595$12001 $aTemi e discussioni 461 1$1001IEI0119082$12001 $aStoria dell'economia vicentina$f[a cura di] Centro studi sull'impresa e sul patrimonio industriale$v1 606 $aEuropa$xIndustrializzazione$xStoria$xSaggi$2FIR$3LO1C231833$9I 676 $a338.094$9PRODUZIONE. Europa$v23 676 $a338.094535$9$v21 676 $a338.94$9$v12 676 $a338.94$9SVILUPPO ECONOMICO. Europa$v21 702 1$aFontana$b, Giovanni Luigi$3LO1V131624 790 1$aFontana$b, Giovan Luigi$3CFIV165607$zFontana, Giovanni Luigi 790 1$aFontana$b, Giovan Luigi$3CFIV165607$zFontana, Giovanni Luigi 801 3$aIT$bIT-000000$c19980206 850 $aIT-BN0095 $aIT-SA0112 $aIT-NA0070 912 $aIEI0119080 950 2$aBiblioteca Centralizzata di Ateneo$cv. 1-2$d 01POZZO LIB.DONI DEMM 95$e 01 0000089385E VMA (001 v. 1$fB $h20221205$i20221205 977 $a 01$a 84$a BU 996 $aVie dell'industrializzazione europea$9975436 997 $aUNISANNIO